PAUHOFOVÁ, Iveta a kolektív (2013): Paradigmy zmien v 21. storočí. Európa, Slovensko - súvislosti globálneho ekonomického a mierového potenciálu

Bibliographic Details
Main Author: Gonda, Vladimír, 1953- (Author)
Format: Article
Language:Slovak
Subjects:

MARC

LEADER 00000nab a2200000Iu 4500
001 vtls011458028
003 SK-MaSNL
005 20260426072857.0
008 230218|2013 xo |||||||||||||||||slo|
015 |a SNBRB 
035 |a (urnnbn)urn:nbn:sk:snk:ar-a0a3v1 
035 |a (uuid)5a235214-33f7-4db1-ba98-a93ab8e30f76 
035 |a urn:nbn:sk:snk-abcshf 
040 |a SNKBUCL  |b slo  |c SNKBUCL  |e AACR2 
041 0 |a slo 
044 |a xo  |c SK 
080 |a 327.57  |2 2001 
080 |a (4)  |2 2001 
080 |a (437.6)  |2 2001 
080 |a 087.2-022.241:655.3.066.9  |2 2001 
080 |a 070.447  |2 2001 
100 1 |a Gonda, Vladimír,  |d 1953-  |4 aut  |9 207195 
245 1 0 |a PAUHOFOVÁ, Iveta a kolektív (2013): Paradigmy zmien v 21. storočí. Európa, Slovensko - súvislosti globálneho ekonomického a mierového potenciálu  |c Vladimír Gonda 
650 0 7 |a ekonomika  |2 SNKPH  |9 789 
650 0 7 |a mier  |2 SNKPH  |9 1720 
650 0 7 |a monografie  |2 SNKPH  |9 256509 
651 7 |a Európa  |2 SNKPH  |9 167569 
651 7 |a Slovensko  |2 SNKPH  |9 14231 
655 7 |a recenzie  |2 snkbucl  |9 21907 
773 0 |t Ekonomický časopis : časopis pre ekonomickú teóriu, hospodársku politiku, spoločensko-ekonomické prognózovanie  |g Roč. 61, č. 9 (2013), s. 983-986 
787 0 8 |i Rec.:  |a PAUHOFOVÁ, Iveta  |t Paradigmy zmien v 21. storočí. Európa, Slovensko - súvislosti globálneho ekonomického a mierového potenciálu  |d Bratislava : Ekonomický ústav SAV, 2013  |z 9788071442097 
954 |a odborná, vedecká literatúra pôvodná (slovenská)  |2 lita 
958 |a OND 
958 |a EUIPO 
958 |a article16 
999 |c 2694721  |d 2696651